00292nam a2200085Ia 4500008004100000041000800041100001700049245010900066260003100175241105s9999 xx 000 0 und d aeng aSawant Kajal aTo Study The New Mergedd Villages In PMC And Propose Strategies For Sustainable Development Of Vilillage bBNCA M Arch EA, Punec2021